ბათუმის შოთა რუსთაველის სახელმწიფო უნივერსიტეტის ბიბლიოთეკა

Технология тяжелого машиностроения. (ბიბ.ჩანაწერი № 50823)

000 -LEADER
fixed length control field 00686nam a2200205Ia 4500
001 - CONTROL NUMBER
control field 17776
003 - CONTROL NUMBER IDENTIFIER
control field GE_BSU
008 - FIXED-LENGTH DATA ELEMENTS--GENERAL INFORMATION
fixed length control field 181216s||||||||xx |||||||||||||| ||und||
040 ## - CATALOGING SOURCE
Transcribing agency GE_BSU
080 ## - UNIVERSAL DECIMAL CLASSIFICATION NUMBER
Universal Decimal Classification number 621.002
100 ## - MAIN ENTRY--PERSONAL NAME
Personal name Самоилов,С.И. Горелов,В.М. Браславский и др.
245 ## - TITLE STATEMENT
Title Технология тяжелого машиностроения.
245 ## - TITLE STATEMENT
Statement of responsibility, etc. Под ред. С.И.Самоилова.
260 ## - PUBLICATION, DISTRIBUTION, ETC.
Place of publication, distribution, etc. М.
260 ## - PUBLICATION, DISTRIBUTION, ETC.
Name of publisher, distributor, etc. Машгиз.
260 ## - PUBLICATION, DISTRIBUTION, ETC.
Date of publication, distribution, etc. 1962.
300 ## - PHYSICAL DESCRIPTION
Extent 590 стр. с илл. 22 см. Библиогр.: стр. 581-586.
653 ## - INDEX TERM--UNCONTROLLED
Uncontrolled term Технология тяжелого машиностроения.
942 ## - ADDED ENTRY ELEMENTS (KOHA)
Koha item type წიგნი
ეგზემპლარები
Withdrawn status Lost status Damaged status Not for loan Date acquired Barcode Date last seen Price effective from Koha item type
        2018-12-17 11079 2018-12-17 2018-12-17 წიგნი